00926nam a2200169 a 4500008004100000050001600041245004200057246008400099260004200183300001300225350000900238995012600247995012600373999001700499952012000516952012000636120416s1939 ||||||||||||||||| || u aPL 8703 Int12aA Standard Swahili-English dictionary aInter-territorial Lnguage (Swahili) Committee for the East African Dependencies aLondonbOxford University Pressc1939 ax, 548p. a0.00 aREFERENCE BOOKSD0.00e133997FCBU-MAIN LIBRARY (Kitwe)H1I0.00jPL 8703 IntM1UREFERENCEy022932ZReference Collection aREFERENCE BOOKSD0.00e133998FCBU-MAIN LIBRARY (Kitwe)H2I0.00jPL 8703 IntM2UREFERENCEy022941ZReference Collection c76739d76739 00102lcc4070a001b001cReference Collectiond2023-04-25l0oPL 8703 Intp022932r2023-04-25t1w2023-04-25y023 00102lcc4070a001b001cReference Collectiond2023-04-25l0oPL 8703 Intp022941r2023-04-25t2w2023-04-25y023